| 000 | 00511nam a2200193 a 4500 | ||
|---|---|---|---|
| 001 | 1774865107933 | ||
| 003 | YourLibrary | ||
| 005 | 20260330153907.0 | ||
| 008 | 260330s2010##################000#0#eng## | ||
| 020 | _a9780199562848 | ||
| 082 | 0 | 4 |
_a362.1 _bBEN |
| 100 | 1 |
_aBennett, Peter, _eauthor. |
|
| 245 | 1 | 0 | _aRisk Communication and Public Health : |
| 260 |
_bOxford University Press, _c2010. |
||
| 300 | _a366 pages | ||
| 650 | 0 | _aMedical. | |
| 942 | _cENGLISH | ||
| 040 |
_aYourLibrary _beng _cYourLibrary |
||
| 999 |
_c618399 _d618399 |
||